Review of pharmacology / (Record no. 25539)
[ view plain ]
| 000 -LEADER | |
|---|---|
| fixed length control field | 01358nam a22003135a 4500 |
| 005 - DATE AND TIME OF LATEST TRANSACTION | |
| control field | 20171104131052.0 |
| 008 - FIXED-LENGTH DATA ELEMENTS--GENERAL INFORMATION | |
| fixed length control field | 171104s2017 ii a frb 000 0 eng d |
| 020 ## - INTERNATIONAL STANDARD BOOK NUMBER | |
| International Standard Book Number | 9789352700059 |
| 040 ## - CATALOGING SOURCE | |
| Original cataloging agency | EG-ScBUE |
| Language of cataloging | eng |
| Transcribing agency | EG-ScBUE |
| 082 04 - DEWEY DECIMAL CLASSIFICATION NUMBER | |
| Classification number | 615.1076 |
| Item number | GAR |
| Edition number | 22 |
| 100 1# - MAIN ENTRY--PERSONAL NAME | |
| Personal name | Garg, Gobind Rai. |
| 9 (RLIN) | 38998 |
| 245 10 - TITLE STATEMENT | |
| Title | Review of pharmacology / |
| Statement of responsibility, etc | Gobind Rai Garg, Sparsh Gupta. |
| 246 30 - VARYING FORM OF TITLE | |
| Title proper/short title | Pharmacology |
| 250 ## - EDITION STATEMENT | |
| Edition statement | 11th ed. |
| 260 ## - PUBLICATION, DISTRIBUTION, ETC. (IMPRINT) | |
| Place of publication, distribution, etc | New Delhi : |
| Name of publisher, distributor, etc | Jaypee / The Health Sciences Publisher, |
| Date of publication, distribution, etc | 2017. |
| 300 ## - PHYSICAL DESCRIPTION | |
| Extent | 1 v. (various pagings) : |
| Other physical details | ill. (some col.) ; |
| Dimensions | 28 cm. + |
| Accompanying material | 1 DVD-ROM (4 3/4 in.). |
| 500 ## - GENERAL NOTE | |
| General note | Free interactive DVD-ROM contains live lecture on ANS (duration 3 hours) |
| 500 ## - GENERAL NOTE | |
| General note | on T. P. "Thoroughly revised and updated edition including latest pattern questions and image-based questions." |
| 500 ## - GENERAL NOTE | |
| General note | Free online exam support "www.accesspgmee.com" |
| 500 ## - GENERAL NOTE | |
| General note | on T. P. "Facts and concepts based on latest editions of KDT 7th, Katzung 13th, Goodman Gilman 12th, Harrison 19th and CMDT 2017." |
| 504 ## - BIBLIOGRAPHY, ETC. NOTE | |
| Bibliography, etc | Includes bibliographical references. |
| 650 #7 - SUBJECT ADDED ENTRY--TOPICAL TERM | |
| Topical term or geographic name as entry element | Pharmacology |
| Form subdivision | Examinations, questions, etc. |
| Source of heading or term | BUEsh |
| 9 (RLIN) | 36103 |
| 651 ## - SUBJECT ADDED ENTRY--GEOGRAPHIC NAME | |
| Source of heading or term | BUEsh |
| 653 ## - INDEX TERM--UNCONTROLLED | |
| Resource For college | Pharmacy |
| Arrived date list | November2017 |
| BestSellers | Best Sellers |
| 655 ## - INDEX TERM--GENRE/FORM | |
| Form subdivision | Reading book |
| -- | 34232 |
| 700 1# - ADDED ENTRY--PERSONAL NAME | |
| Personal name | Gupta, Sparsh. |
| 856 4# - ELECTRONIC LOCATION AND ACCESS | |
| Logon | Free online exam support : |
| Uniform Resource Identifier | <a href="www.accesspgmee.com">www.accesspgmee.com</a> |
| 942 ## - ADDED ENTRY ELEMENTS (KOHA) | |
| Source of classification or shelving scheme | Dewey Decimal Classification |
| Withdrawn status | Item status | Source of classification or shelving scheme | Damaged status | Not for loan | Vendor | Home library | Current library | Shelving location | Date acquired | Source of acquisition | Cost, normal purchase price | Total Checkouts | Total Renewals | Full call number | Barcode | Checked out | Date last seen | Date last borrowed | Koha item type |
|---|---|---|---|---|---|---|---|---|---|---|---|---|---|---|---|---|---|---|---|
| Dewey Decimal Classification | Baccah | Central Library | Central Library | First floor | 04/11/2017 | Purchase | 450.00 | 1 | 15 | 615.1076 GAR | 000042384 | 09/03/2023 | 04/12/2017 | 04/12/2017 | Book - Borrowing | ||||
| Dewey Decimal Classification | Baccah | Central Library | Central Library | First floor | 04/11/2017 | Purchase | 1 | 13 | 615.1076 GAR | 000042385 | 24/08/2022 | 04/12/2017 | CD | DVD - With book | ||||||
| Dewey Decimal Classification | Baccah | Central Library | Central Library | First floor | 04/11/2017 | Purchase | 1 | 19 | 615.1076 GAR | 000042386 | 15/07/2025 | 18/10/2018 | Book - Borrowing | ||||||
| Dewey Decimal Classification | Baccah | Central Library | Central Library | First floor | 04/11/2017 | Purchase | 615.1076 GAR | 000042387 | 24/08/2022 | CD | DVD - With book |